000 00635cam a2200145 4500500
005 20251228052419.0
041 _afre
042 _adc
100 1 0 _aNoret, Joël
_eauthor
245 0 0 _aCORTEN, André, DOZON, Jean-Pierre & ORO, Ari Pedro (dir.). — Les nouveaux conquérants de la foi. L’Église universelle du royaume de Dieu (Brésil). Paris, Karthala, 2003, 294 p.
260 _c2005.
500 _a47
786 0 _nCahiers d'études africaines | 178 | 2 | 2005-06-01 | p. 585b-620b | 0008-0055
856 4 1 _uhttps://shs.cairn.info/revue-cahiers-d-etudes-africaines-2005-2-page-585b?lang=fr&redirect-ssocas=7080
999 _c1583498
_d1583498